Framing in discourse

Saved in:
Bibliographic Details
Main Author: Tannen, Deborah (Author)
Format: Book
Language:English
Published: Nueva York Oxford University 1993
Subjects:
Tags: Add Tag
No Tags, Be the first to tag this record!

MARC

LEADER 00000nam a2200000 a 4500
001 UCM7436
003 CL-VaPUC
008 021220e19930000US |||||||||||||||||eng|d
082 0 4 |a 401.41  |b TAN  |2 21 
100 0 |a Tannen, Deborah  |e author  |9 473004 
245 1 0 |a Framing in discourse 
300 |a 263 p 
942 |c BK 
945 |d 20021220 00:00:00  |a cmena 
260 |a Nueva York  |b Oxford University  |c 1993 
650 0 |a Análisis del discurso  |9 256696 
650 0 |a Actos de habla   |9 454718 
650 0 |a Sociolingüística  |9 263716 
583 |a last modification  |c 20021220 00:00:00  |k Rodrigo Vera 
999 |c 302228  |d 302226 
952 |0 0  |1 0  |4 0  |6 401_410000000000000_TAN_1993  |7 0  |8 A  |9 362355  |a FDOPOS  |b FDOPOS  |d 2019-11-21  |i 3870162  |o 401.41 TAN 1993  |p 3870162  |r 2025-01-22  |w 2019-11-21  |y BK  |k MLA